Electronic Devices & Circuits (Record no. 309617)

MARC details
000 -LEADER
fixed length control field 00310pam a2200121a 44500
008 - FIXED-LENGTH DATA ELEMENTS--GENERAL INFORMATION
fixed length control field 230405s2017 xxu||||| |||| 00| 0 eng d
041 ## - LANGUAGE CODE
Language code of text/sound track or separate title ENG
100 ## - MAIN ENTRY--PERSONAL NAME
Personal name Salivahanan Suresh Kumar
245 ## - TITLE STATEMENT
Title Electronic Devices & Circuits
260 ## - PUBLICATION, DISTRIBUTION, ETC.
Place of publication, distribution, etc. New Delhi
Name of publisher, distributor, etc. McGraw Hill Edu.
Date of publication, distribution, etc. 2017
300 ## - PHYSICAL DESCRIPTION
Extent 1224
906 ## - LOCAL DATA ELEMENT F, LDF (RLIN)
a 19119
Holdings
Withdrawn status Lost status Damaged status Not for loan Collection Home library Current library Shelving location Date acquired Source of acquisition Cost, normal purchase price Total Checkouts Barcode Date last seen Price effective from Koha item type
          Matoshri Bayabai Shripatrao Kadam Kanya Mahavidyalaya, Kadegaon, Sangli Matoshri Bayabai Shripatrao Kadam Kanya Mahavidyalaya, Kadegaon, Sangli   11/02/2021 Bharati Bazar Pune 685.00   KVK-S14453 18/04/2023 18/04/2023 Book